Giữa những hiệp sĩ đen; T2

में बचाया:
ग्रंथसूची विवरण
मुख्य लेखक: Giữa những hiệp sĩ đen; T2
स्वरूप: पुस्तक
भाषा:Undetermined
प्रकाशित: Hà Nội Thanh Niên 1983
विषय:
टैग : टैग जोड़ें
कोई टैग नहीं, इस रिकॉर्ड को टैग करने वाले पहले व्यक्ति बनें!
Thư viện lưu trữ: Trung tâm Học liệu Trường Đại học Cần Thơ
LEADER 00595nam a2200181Ia 4500
001 CTU_15898
008 210402s9999 xx 000 0 und d
082 |a 891.734 
082 |b M636/T2 
100 |a Giữa những hiệp sĩ đen; T2 
245 0 |a Giữa những hiệp sĩ đen; T2 
245 0 |c Giữa những hiệp sĩ đen; T2, Iuri Mikhailik; Dịch giả: Lê Như Ngọc 
260 |a Hà Nội 
260 |b Thanh Niên 
260 |c 1983 
650 |a russian fiction 
904 |i Minh, 970428 
980 |a Trung tâm Học liệu Trường Đại học Cần Thơ